000 01157nam a22002895a 4500
003 OSt
005 20161220150911.0
008 161220s2016 ua frb 000 0 ara d
015 _a2016/3299
020 _a9789770480380
040 _aEG-ScBUE
_bara
_cEG-ScBUE
043 _af-ua---
082 0 4 _a342.620664
_bم د ن
_222
100 1 _aمدني، محمود علي أحمد.
245 1 0 _aدور القضاء في استجلاء المفاهيم الدستورية :
_bدراسة مقارنة /
_cمحمود علي أحمد مدني.
250 _aط. 1.
260 _aالقاهرة :
_bدار النهضة العربية،
_c2016.
300 _a985 ص. ؛
_c24 سم.
502 _6الأصل أطروحة (دكتوراه) - جامعة حلوان. كلية الحقوق، 2015.
504 _aيشتمل على إرجاعات ببليوجرافية.
610 1 7 _a مصر.
_bالمحكمة الدستورية العليا.
_2BUEsh
_941178
650 7 _aالقانون الدستورى
_zمصر.
_2BUEsh
_929505
650 7 _aالمحاكم الدستورية
_zمصر.
_2BUEsh
651 _2BUEsh
653 _bLLAAWW
_cDecember2016
942 _2ddc
999 _c23658
_d23630